[Event "EU-ch U18 Girls 25th"]
[Site "Porec"]
[Date "2015.09.28"]
[Round "7"]
[White "Mirza, Diana"]
[Black "Sagadijeva, Anna"]
[Result "1-0"]
[WhiteElo "1898"]
[BlackElo "1799"]
[PlyCount "79"]
[EventDate "2015.09.21"]
[EventType "swiss"]
[EventRounds "9"]
[EventCountry "CRO"]
[SourceTitle "EXT 2016"]
[Source "ChessBase"]
[SourceDate "2015.10.08"]
[SourceVersion "1"]
[SourceVersionDate "2015.10.08"]
[SourceQuality "1"]

1. e4 c5 2. c4 Nc6 3. Nc3 a6 4. g3 d6 5. Bg2 g6 6. Nge2 Bg7 7. 0-0 e5 8. d3 Nge7 9. Be3 Be6 10. h3 Qd7 11. Nd5 Bxd5 12. exd5 Nd4 13. Bxd4 exd4 14. Re1 0-0 15. Rb1 Rab8 16. b4 b6 17. g4 h6 18. Ng3 Rfe8 19. Qf3 Kf8 20. Ne4 Ng8 21. Re2 Be5 22. Reb2 Qc7 23. h4 Kg7 24. g5 h5 25. a3 Rf8 26. Qe2 Ne7 27. Bh3 f5 28. gxf6+ Bxf6 29. bxc5 Nc8 30. Bxc8 Qxc8 31. Nxd6 Qh3 32. Rxb6 Bxh4 33. Rf1 Rf3 34. Qe5+ Bf6 35. Qe6 Qh4 36. Rxb8 Rg3+ 37. fxg3 Qxg3+ 38. Kh1 Qh4+ 39. Kg2 Qg5+ 40. Kf3 1-0

[Event "Orsha (Women)"]
[Site "Orsha"]
[Date "2015.01.21"]
[Round "5"]
[White "Sagadijeva, Anna"]
[Black "Usacheva, Glafira"]
[Result "0-1"]
[WhiteElo "1838"]
[BlackElo "1684"]
[PlyCount "120"]
[EventDate "2015.01.19"]
[EventType "tourn"]
[EventRounds "9"]
[EventCountry "BLR"]
[SourceTitle "CBM 164 Extra"]
[Source "ChessBase"]
[SourceDate "2015.03.02"]
[SourceVersion "1"]
[SourceVersionDate "2015.03.02"]
[SourceQuality "1"]

1. c4 c6 2. Nf3 d5 3. d4 Nf6 4. Nc3 dxc4 5. a4 Bf5 6. e3 e6 7. Bxc4 Bb4 8. 0-0 Nbd7 9. Na2 Ba5 10. b4 Bc7 11. Bb2 0-0 12. Nc3 h6 13. Re1 Bh7 14. Ba3 Re8 15. Qb3 Nb6 16. e4 Nxc4 17. Qxc4 Rc8 18. Rad1 a6 19. Qb3 b5 20. a5 Nd7 21. e5 Nf8 22. Ne4 Bxe4 23. Rxe4 Ng6 24. Bc1 Qe7 25. Rde1 Red8 26. h4 Qd7 27. h5 Ne7 28. Nh4 Nd5 29. Rg4 Kh8 30. Bd2 Qe7 31. f4 Qd7 32. Qg3 Rg8 33. Qf2 Ne7 34. Rf1 Nf5 35. Nxf5 exf5 36. Rg3 Rcd8 37. Rd3 Qd5 38. Be3 Qc4 39. Qd2 Qd5 40. Rc1 Bb8 41. Qc2 Rc8 42. Rc3 Ba7 43. Rd1 Rgd8 44. Qxf5 c5 45. Qc2 c4 46. f5 Bb8 47. Rf1 Ba7 48. Rf4 f6 49. e6 Bb8 50. Rg4 Qd6 51. g3 Qd5 52. Qf2 Bd6 53. Rg6 Bxb4 54. Bxh6 gxh6 55. Rxh6+ Kg7 56. Rg6+ Kh7 57. Re3 Qxd4 58. e7 Re8 59. h6 Bc5 60. Rg7+ Kh8 0-1

[Event "Keres Memorial rap qual 23rd"]
[Site "Tallinn"]
[Date "2014.01.10"]
[Round "1"]
[White "Kanep, Meelis"]
[Black "Sagadijeva, Anna"]
[Result "1-0"]
[WhiteElo "2525"]
[BlackElo "1848"]
[PlyCount "59"]
[EventDate "2014.01.10"]
[EventType "swiss (rapid)"]
[EventRounds "7"]
[EventCountry "EST"]
[SourceTitle "CBM 158 Extra"]
[Source "ChessBase"]
[SourceDate "2014.02.28"]
[SourceVersion "1"]
[SourceVersionDate "2014.02.28"]
[SourceQuality "1"]

1. d4 d5 2. c4 Nf6 3. cxd5 Nxd5 4. e4 Nb6 5. Nc3 c6 6. Be3 g6 7. Nf3 Bg7 8. h3 N8d7 9. Be2 0-0 10. 0-0 e5 11. a4 exd4 12. Bxd4 Bxd4 13. Qxd4 Nf6 14. Qxd8 Rxd8 15. a5 Nbd7 16. e5 Nh5 17. Ne4 Nf4 18. Bc4 Nf8 19. Nd6 Be6 20. Bxe6 N8xe6 21. Nxb7 Rd7 22. a6 Re8 23. Rfd1 Nd5 24. Rac1 Rc8 25. Nd6 Rcc7 26. Ne8 Rc8 27. Rxd5 Rxd5 28. Nf6+ Kf8 29. Nxd5 Rd8 30. Nf6 1-0

[Event "EU-ch U14 Girls"]
[Site "Prague"]
[Date "2012.08.17"]
[Round "1"]
[White "Liscinska, Jana"]
[Black "Sagadijeva, Anna"]
[Result "1-0"]
[WhiteElo "1589"]
[BlackElo "1890"]
[PlyCount "85"]
[EventDate "2012.08.17"]
[EventType "swiss"]
[EventRounds "9"]
[EventCountry "CZE"]
[SourceTitle "CBM 150 Extra"]
[Source "ChessBase"]
[SourceDate "2012.10.19"]
[SourceVersion "1"]
[SourceVersionDate "2012.10.19"]
[SourceQuality "1"]

1. e4 d5 2. exd5 Qxd5 3. Nc3 Qd6 4. Nf3 c6 5. Bc4 e6 6. d4 Nf6 7. 0-0 Be7 8. Re1 0-0 9. Bd3 Nbd7 10. Bg5 h6 11. Bh4 c5 12. a3 cxd4 13. Nxd4 a6 14. Bg3 Qb6 15. Qd2 Bd6 16. Bxd6 Qxd6 17. Nxe6 Kh8 18. Nxf8 Qxf8 19. Bf5 Nc5 20. Bxc8 Rxc8 21. Rad1 Ne6 22. Qd6 Qe8 23. Qb6 Qc6 24. Qxc6 Rxc6 25. Rd2 Kh7 26. Ne4 Nxe4 27. Rxe4 f5 28. Re5 f4 29. c3 Nc5 30. Re7 b5 31. f3 Rf6 32. b4 Na4 33. Rdd7 Rg6 34. Rc7 Nb2 35. Rf7 Nc4 36. Kf2 Nb2 37. Rcd7 Nc4 38. Rxf4 Nxa3 39. Rg4 Rxg4 40. fxg4 Nb1 41. Rc7 Nd2 42. Ke2 Nc4 43. Ra7 1-0

[Event "Wch U12 Girls"]
[Site "Kemer"]
[Date "2009.11.19"]
[Round "8"]
[White "Sagadijeva, Anna"]
[Black "Bal, Sevgican"]
[Result "1/2-1/2"]
[WhiteElo "2007"]
[BlackElo "1587"]
[PlyCount "80"]
[EventDate "2009.11.12"]
[EventType "swiss"]
[EventRounds "11"]
[EventCountry "TUR"]
[SourceTitle "EXT 2010"]
[Source "ChessBase"]
[SourceDate "2010.11.25"]
[SourceVersion "1"]
[SourceVersionDate "2010.11.25"]
[SourceQuality "1"]

1. e4 c5 2. Nf3 Nc6 3. d4 cxd4 4. Nxd4 Qb6 5. Nb3 Nf6 6. Nc3 e6 7. Be3 Qc7 8. Be2 Bb4 9. f3 Ne5 10. Qd4 Bxc3+ 11. bxc3 0-0 12. 0-0 Nc6 13. Qd2 d5 14. Bg5 Qd8 15. exd5 Qxd5 16. Bxf6 Qxd2 17. Nxd2 gxf6 18. Rfd1 Ne5 19. Ne4 f5 20. Nc5 b6 21. Nd3 Ng6 22. Nf2 Ne7 23. c4 Nc6 24. f4 Ba6 25. Bf3 Rac8 26. c5 Nb4 27. cxb6 axb6 28. Rab1 Nxc2 29. Rxb6 Bc4 30. Rd2 Ne3 31. a4 Rb8 32. a5 Rxb6 33. axb6 Rb8 34. Rd6 Bd5 35. Be2 Ra8 36. Nh3 Ra2 37. Kf2 Nc4 38. Rd8+ Kg7 39. Ng5 h6 40. Nf3 Nxb6 1/2-1/2

[Event "Wch U12 Girls"]
[Site "Kemer"]
[Date "2009.11.16"]
[Round "6"]
[White "Sagadijeva, Anna"]
[Black "Ozturk, Hilal"]
[Result "1/2-1/2"]
[WhiteElo "2007"]
[BlackElo "1635"]
[PlyCount "64"]
[EventDate "2009.11.12"]
[EventType "swiss"]
[EventRounds "11"]
[EventCountry "TUR"]
[SourceTitle "EXT 2010"]
[Source "ChessBase"]
[SourceDate "2010.11.25"]
[SourceVersion "1"]
[SourceVersionDate "2010.11.25"]
[SourceQuality "1"]

1. e4 e5 2. Nf3 Nc6 3. d4 exd4 4. Nxd4 Nf6 5. Nc3 d6 6. Bc4 Be7 7. 0-0 0-0 8. Bg5 h6 9. Bh4 Bg4 10. f3 Bh5 11. Nf5 Bg6 12. Nxe7+ Nxe7 13. Bxf6 gxf6 14. Qd2 Kh7 15. Nd5 Nxd5 16. Qxd5 c6 17. Qd4 Qe7 18. Rad1 Rfd8 19. Qf2 Rg8 20. Rd2 a6 21. Rfd1 Rad8 22. Re1 Rge8 23. Rde2 Qf8 24. f4 f5 25. e5 dxe5 26. Rxe5 Rxe5 27. fxe5 Qb4 28. Bb3 Rd2 29. a3 Qa5 30. Qh4 Rd4 31. Qg3 Re4 32. Rxe4 fxe4 1/2-1/2

[Event "EU Union-ch U12 7th"]
[Site "Mureck"]
[Date "2009.08.09"]
[Round "5"]
[White "Hiebler, Laura"]
[Black "Sagadijeva, Anna"]
[Result "1-0"]
[WhiteElo "1631"]
[BlackElo "2106"]
[PlyCount "47"]
[EventDate "2009.08.05"]
[EventType "swiss"]
[EventRounds "9"]
[EventCountry "AUT"]
[SourceTitle "CBM 132 Extra"]
[Source "ChessBase"]
[SourceDate "2009.11.03"]
[SourceVersion "1"]
[SourceVersionDate "2009.11.03"]
[SourceQuality "1"]

1. e4 d5 2. exd5 Qxd5 3. Nc3 Qd6 4. d4 Nf6 5. Bc4 Nc6 6. Nf3 Bg4 7. Be3 a6 8. h3 Bxf3 9. Qxf3 e6 10. 0-0-0 0-0-0 11. d5 Ne5 12. Qe2 Nxc4 13. Qxc4 exd5 14. Qd3 Be7 15. Bg5 c6 16. Rhe1 h6 17. Bh4 Rhe8 18. Bg3 Qd7 19. Be5 Nh5 20. g4 Bg5+ 21. Kb1 Nf4 22. Qd4 Ne6 23. Qa7 Nc7 24. Na4 1-0